Introducing Social Psychology

Gespeichert in:
Bibliographische Detailangaben
Weitere Verfasser: Tajfel, Henri, Fraser, Colin
Format: Buch
Sprache:Englisch
Veröffentlicht: Harmondsworth Penguin Books 1984
Ausgabe:1. ed.
Tags: Tag hinzufügen
Keine Tags, Fügen Sie das erste Tag hinzu!

MARC

LEADER 00000nam a2200000 4500
001 c024350
005 20250704092617.8
041 0 |a eng 
044 |a US 
245 1 0 |a Introducing Social Psychology  |c Edit. Henri Tajfel, Colin Fraser 
250 |a 1. ed. 
264 1 |a Harmondsworth  |b Penguin Books  |c 1984 
300 |a 390 s. 
700 1 |a Tajfel, Henri 
700 1 |a Fraser, Colin